El PARLACEN frente al marco ideológico coyuntural de la integración

Enregistré dans:
Détails bibliographiques
Format: Texte
Sujets:
Tags: Ajouter un tag
Pas de tags, Soyez le premier à ajouter un tag!

MARC

LEADER 00000 a a2200000 04500
001 4161
003
040
090 |a REV0229 (103) 1997  
245 |a El PARLACEN frente al marco ideológico coyuntural de la integración  
650 |a RELACIONES INTERNACIONALES  
650 |a INTEGRACION REGIONAL  
650 |a DIPLOMACIA  
650 |a ORGANIZACIONES INTERGUBERNAMENTALES  
650 |a BID  
650 |a SISTEMA DE LAS NACIONES UNIDAS  
650 |a CEPAL  
773 |g número 103; páginas 81-90  
999 |c 27628  |d 27628